000
00353pab a2200157 454500
008
180718b2000 xxu||||| |||| 00| 0 eng d
100
_a
Pandey, Alok Kumar
245
_a
Women in animal husbandry
260
_c
2000
300
_a
p.6-9
362
_a
May
650
_a
Women
700
_a
Devi, Bijubala
773
_a
Social Welfare
909
_a
44722
999
_c
44722
_d
44722